[Event "Santa Rosa La Pampa op 2nd"]
[Site "Santa Rosa"]
[Date "2015.07.10"]
[Round "2"]
[White "Brizzi, Victor Emmanuel"]
[Black "Quiroga, Facundo"]
[Result "0-1"]
[WhiteElo "1970"]
[BlackElo "2279"]
[PlyCount "48"]
[EventDate "2015.07.09"]
[EventType "swiss"]
[EventRounds "6"]
[EventCountry "ARG"]
[SourceTitle "CBM 167 Extra"]
[Source "ChessBase"]
[SourceDate "2015.09.14"]
[SourceVersion "1"]
[SourceVersionDate "2015.09.14"]
[SourceQuality "1"]

1. e4 c5 2. Nc3 d6 3. f4 Nc6 4. Bb5 e6 5. Bxc6+ bxc6 6. d3 g6 7. Nf3 Bg7 8. 0-0 Rb8 9. Qe1 Ne7 10. Rb1 c4 11. Be3 cxd3 12. cxd3 Ba6 13. Qd2 Rb7 14. Rfd1 0-0 15. d4 Bb5 16. Nxb5 Rxb5 17. b4 Qd7 18. a4 Rb7 19. Qa2 Rfb8 20. Qc4 d5 21. exd5 cxd5 22. Qc3 Nf5 23. Ne5 Bxe5 24. dxe5 Rxb4 0-1

[Event "Pan American U16"]
[Site "Bento Goncalves"]
[Date "2010.08.07"]
[Round "9"]
[White "De la Rosa Lara, Armando Antonio"]
[Black "Brizzi, Victor Emmanuel"]
[Result "1-0"]
[WhiteElo "2006"]
[BlackElo "1902"]
[PlyCount "89"]
[EventDate "2010.08.02"]
[EventType "swiss"]
[EventRounds "9"]
[EventCountry "BRA"]
[SourceTitle "EXT 2013"]
[Source "ChessBase"]
[SourceDate "2012.11.22"]
[SourceVersion "1"]
[SourceVersionDate "2012.11.22"]
[SourceQuality "1"]

1. d4 d5 2. c4 e6 3. Nc3 Nf6 4. Nf3 c6 5. Bg5 Be7 6. e3 Nbd7 7. Bd3 0-0 8. 0-0 b6 9. cxd5 exd5 10. Ne5 Nxe5 11. dxe5 Nd7 12. Bf4 Bb7 13. Bg3 Re8 14. f4 Bc5 15. Rf3 g6 16. Bf2 Bf8 17. h4 h5 18. Rg3 Bg7 19. f5 Nxe5 20. fxg6 fxg6 21. Bxg6 Re6 22. Bxh5 Qf6 23. Ne2 Qh6 24. Nd4 Rf6 25. Rg5 Raf8 26. Bg3 Nc4 27. b3 Nxe3 28. Qd3 Nf5 29. Be5 Ba6 30. Qxa6 Nxd4 31. Bxd4 Kh8 32. Bxf6 Bxf6 33. Rf1 Bxg5 34. Rxf8+ Qxf8 35. hxg5 Qc5+ 36. Kh2 Qd6+ 37. g3 Qf8 38. Qe2 c5 39. Qe5+ Kh7 40. Qxd5 Qf2+ 41. Qg2 Qf5 42. Qb7+ Kh8 43. Qb8+ Kh7 44. Qxa7+ Kh8 45. Qb8+ 1-0

[Event "Pan American U16"]
[Site "Bento Goncalves"]
[Date "2010.08.05"]
[Round "5"]
[White "Bassan, Remo"]
[Black "Brizzi, Victor Emmanuel"]
[Result "1-0"]
[WhiteElo "2210"]
[BlackElo "1902"]
[PlyCount "47"]
[EventDate "2010.08.02"]
[EventType "swiss"]
[EventRounds "9"]
[EventCountry "BRA"]
[SourceTitle "EXT 2013"]
[Source "ChessBase"]
[SourceDate "2012.11.22"]
[SourceVersion "1"]
[SourceVersionDate "2012.11.22"]
[SourceQuality "1"]

1. e4 c5 2. Nc3 g6 3. g3 Bg7 4. Bg2 Nc6 5. d3 e6 6. Be3 d6 7. Qd2 Nge7 8. Bh6 0-0 9. h4 f5 10. h5 Nd4 11. Bxg7 Kxg7 12. 0-0-0 Qe8 13. hxg6 Qxg6 14. Nge2 e5 15. exf5 Bxf5 16. f4 h5 17. Kb1 Nec6 18. Nxd4 cxd4 19. Nd5 Rac8 20. Rde1 Rfe8 21. Bf3 Bg4 22. Bxg4 hxg4 23. f5 Qxf5 24. Qh6+ 1-0